00606nam a2200169 a 450000100100000000500170001000800410002704000250006808200190009310000290011224500850014126000480022630000270027465000470030165100510034865100370039900003158020200930063029.0110627s1977 dr a 000 0 spa d aDO-SdBNPbspacBNPHU a917.293bF386c1 aFerrero, Ramón Alberto13aEl camino del Cibao :b(por los fueres de mi pueblo) /cRamón Alberto Ferrero. aSanto Domingo :bEdiciones Nordeste,c1977. a56 p. :bil. ;c20 cm. 4aCiudades y puebloszRepública Dominicana 4aRepública DominicanaxDescripciones Y Viajes 4aRepública DominicanaxHistoria